| 000 | 00346nam a2200133Ia 4500 | ||
|---|---|---|---|
| 008 | 240624s9999 xx 000 0 und d | ||
| 041 | _aeng | ||
| 082 | _a658.0019 BAC | ||
| 100 | _aBACON TERRY R | ||
| 245 | _aBEHAVIORAL ADVANTAGE WHAT THE SMARTEST M | ||
| 260 |
_c2004 _aNew York _bAMACOM |
||
| 300 | _axi, : 308 : p. : cm. ; 23 | ||
| 365 |
_c _b50 |
||
| 999 |
_c27167 _d27167 |
||